Brezno sprievodca históriou a súčasnosťou

Bibliographic Details
Other Authors: Kováčik, Milan (Compiler, Photographer), Piovarči, Milan (Photographer), Miháľ, Pavol (Photographer), Hrablay, Ferdinand (Photographer), Urban, Peter, 1962- (Photographer), Pekarovič, Boris (Photographer), Kriška, Michal (Photographer), Berčík, Peter, 1953- (Photographer), Spáč, Stanislav (Photographer)
Format: Book
Language:Slovak
PhysicalDescription:141 strán faksimile, fotografie (prevažne farebné), mapy, portréty 30 cm
Published: [Brezno] Milan Kováčik 2020
ISBN:9788057021544
Edition:Vydanie: prvé
Subjects:

MARC

LEADER 00000cam a2200000 4500
001 vtls012017731
003 SK-MaSNL
005 20260301104100.0
008 220509s2020 xo hobcgrn 000 0 slo
015 |a SNBA2021/05 
020 |a 9788057021544  |q (viazané) 
035 |a urn:nbn:sk:snk-am00geag 
035 |a urn:nbn:sk:snk-am3j7ld 
035 |a CE774C5F-D92A-4D18-8E42-905735D03526 
040 |a SNK  |b slo  |c SNK  |e rda 
041 0 |a slo 
043 |a e-xo--- 
044 |a xo  |c SK 
072 7 |a 911  |x Všeobecná geografia. Systematická geografia  |2 konspekt 
080 |a 911.375(091)  |2 2011 
080 |a 93/94-027.541  |2 2011 
080 |a (437.642)  |2 2011 
080 |a (048.8)  |2 2011 
080 |a (084.11)  |2 2011 
080 |a 929-058.1  |2 2011 
245 0 0 |a Brezno  |b sprievodca históriou a súčasnosťou  |c zostavil a vydal Milan Kováčik ; fotografie: Milan Piovarči, Milan Kováčik, Pavol Miháľ, Ferdinand Hrablay, Peter Urban, Boris Pekarovič, Michal Kriška, Peter Berčík, Stanislav Spáč a ďalší 
250 |a Vydanie: prvé 
264 1 |a [Brezno]  |b Milan Kováčik  |c 2020 
300 |a 141 strán  |b faksimile, fotografie (prevažne farebné), mapy, portréty  |c 30 cm 
336 |a text  |b txt  |2 rdacontent 
336 |a statický obraz  |b sti  |2 rdacontent 
337 |a bez média  |b n  |2 rdamedia 
338 |a zväzok  |b nc  |2 rdacarrier 
366 |e 500 kusov 
500 |a Miesto vydania podľa NA ISBN 
504 |a Bibliografia na strane 140 
650 0 7 |a dejiny miest  |2 SNKPH  |9 164833 
650 0 7 |a regionálne dejiny  |2 SNKPH  |9 63645 
650 0 7 |a osobnosti  |2 SNKPH  |9 29820 
650 0 7 |a History of cities and towns  |2 SNKPHeng  |9 267901 
650 0 7 |a Regional history  |2 SNKPHeng  |9 266493 
650 0 7 |a Celebrities  |2 SNKPHeng  |9 265203 
651 7 |a Brezno (Slovensko)  |2 SNKPHgeo  |9 31403 
651 7 |a Brezno (Slovakia)  |2 SNKPHeng  |9 324036 
655 7 |a monografie  |2 SNKPH  |9 70139 
655 7 |a Monographs  |2 SNKPHeng  |9 120675 
655 7 |a obrazové publikácie  |2 SNKPH  |9 70343 
655 7 |a Pictorial works  |2 SNKPHeng  |9 284468 
700 1 |a Kováčik, Milan  |4 com  |4 pht  |9 307327 
700 1 |a Piovarči, Milan  |4 pht  |9 442248 
700 1 |a Miháľ, Pavol  |4 pht  |9 442249 
700 1 |a Hrablay, Ferdinand  |4 pht  |9 438914 
700 1 |a Urban, Peter,  |d 1962-  |4 pht  |9 85872 
700 1 |a Pekarovič, Boris  |4 pht  |9 442250 
700 1 |a Kriška, Michal  |4 pht  |9 442251 
700 1 |a Berčík, Peter,  |d 1953-  |4 pht  |9 186038 
700 1 |a Spáč, Stanislav  |4 pht  |9 442252 
919 |a 978-80-570-2154-4 
958 |a NB 
999 |c 697193  |d 699123 
952 |a SNK  |b SNK  |y PREZ  |7 0  |p 17A1450424  |o snkSB 96335  |i snk2021/1505  |8 0  |0 0  |1 0  |4 0  |d 2021-03-12  |f 1  |l 0  |r 2025-05-19 00:00:00  |w 2026-02-23 
952 |a SNK  |b SNK  |y VYP  |7 0  |p 17A1450425  |o snkSB 96335 D1  |i snk2021/1506  |8 0  |0 0  |1 0  |4 0  |d 2021-03-12  |l 0  |r 2026-02-23 20:46:00  |w 2026-02-23